Drug development and marketing
Zapisane w:
| 1. autor: | |
|---|---|
| Format: | Książka |
| Język: | Undetermined |
| Wydane: |
Washington, D.C.
The American Enterprise Institute for Public Policy Research
1975
|
| Hasła przedmiotowe: | |
| Etykiety: |
Dodaj etykietę
Nie ma etykietki, Dołącz pierwszą etykiete!
|
| Thư viện lưu trữ: | Trung tâm Học liệu Trường Đại học Cần Thơ |
|---|
| LEADER | 00538nam a2200181Ia 4500 | ||
|---|---|---|---|
| 001 | CTU_81554 | ||
| 008 | 210402s9999 xx 000 0 und d | ||
| 082 | |a 381 | ||
| 082 | |b H478 | ||
| 100 | |a Helms, Robert B. | ||
| 245 | 0 | |a Drug development and marketing | |
| 245 | 0 | |c Robert B. Helms | |
| 260 | |a Washington, D.C. | ||
| 260 | |b The American Enterprise Institute for Public Policy Research | ||
| 260 | |c 1975 | ||
| 650 | |a Pharmaceutical industry | ||
| 904 | |i Trọng Hải | ||
| 980 | |a Trung tâm Học liệu Trường Đại học Cần Thơ | ||